[Event "TCh-SUI 2013"]
[Site "Switzerland SUI"]
[Date "2013.09.08"]
[Round "7.8"]
[White "Maier,C"]
[Black "Gaehwiler,G"]
[Result "0-1"]
[WhiteElo "2360"]
[BlackElo "2267"]

1.e4 c5 2.Nf3 d6 3.Bb5+ Bd7 4.c4 Nf6 5.Nc3 Nc6 6.O-O g6 7.d3 Bg7 8.h3 O-O
9.Bg5 a6 10.Bxc6 Bxc6 11.Qd2 b5 12.Rae1 e5 13.Nh2 Qd7 14.Nd5 Bxd5 15.Bxf6 Bxf6
16.cxd5 Rae8 17.b4 Rc8 18.Rc1 cxb4 19.Ng4 Bg7 20.Qxb4 h5 21.Nh2 Bh6 22.Rxc8 Rxc8
23.Nf3 Rc2 24.Qa3 Qc7 25.d4 Qc4 26.Qxd6 Rc1 27.Rxc1 Qxc1+ 28.Kh2 Bf4+ 29.g3 Qf1
30.gxf4 Qxf2+ 31.Kh1 Qxf3+  0-1

[Event "FSIM Sept 2013"]
[Site "Budapest HUN"]
[Date "2013.09.10"]
[Round "3.4"]
[White "Rudakov,A"]
[Black "Szalanczy,E"]
[Result "1-0"]
[WhiteElo "2209"]
[BlackElo "2261"]

1.e4 c5 2.Nf3 d6 3.Bb5+ Bd7 4.Bxd7+ Qxd7 5.O-O Nf6 6.Re1 g6 7.c3 Bg7 8.d4 O-O
9.Bg5 h6 10.Bxf6 exf6 11.Nbd2 Na6 12.Nc4 cxd4 13.Qxd4 Rfd8 14.Rad1 Qe6 15.Qd5 Nc5
16.Nxd6 Na4 17.Qxe6 fxe6 18.Nxb7 Rdb8 19.Rd7 Nxb2 20.Nd4 Nd3 21.Nxe6 Bf8
22.Rd1 Nb2 23.Rb1 Na4 24.c4 Re8 25.Nxf8 Rxf8 26.Nd6 Rab8 27.Rxb8 Rxb8 28.g3 Rb1+
29.Kg2 a6 30.Rf7 Rb6 31.Rxf6 Kg7 32.Ne8+ Kg8  1-0

[Event "6th Sabadell Open"]
[Site "Sabadell ESP"]
[Date "2013.09.10"]
[Round "9.4"]
[White "Lorenzo de la Riva,L"]
[Black "Pulvett,D"]
[Result "1/2-1/2"]
[WhiteElo "2427"]
[BlackElo "2441"]

1.e4 c5 2.Nf3 d6 3.Bb5+ Nc6 4.O-O Bd7 5.Re1 Nf6 6.h3 e6 7.c3 d5 8.d3 a6 9.Ba4 b5
10.Bc2 dxe4 11.dxe4 e5 12.Bg5 Be7 13.Nbd2 Be6 14.Qe2  1/2-1/2

[Event "Satka Autumn 2013"]
[Site "Satka RUS"]
[Date "2013.09.10"]
[Round "8"]
[White "Bauyrzhan,Arnash"]
[Black "Vanishvili,Mari"]
[Result "1-0"]
[WhiteElo "1904"]
[BlackElo "1834"]

1.e4 c5 2.Nf3 d6 3.Bb5+ Bd7 4.c4 Bxb5 5.cxb5 g6 6.O-O Bg7 7.Nc3 e6 8.d4 cxd4
9.Nxd4 Nf6 10.Qe2 O-O 11.Rd1 d5 12.e5 Nfd7 13.Bf4 Nb6 14.a4 a5 15.bxa6 Nxa6
16.g3 Nd7 17.Ncb5 Nac5 18.Nd6 Qb6 19.Rab1 Rfd8 20.a5 Qa6 21.N4b5 f6 22.b4 Ne4
23.Nxe4 dxe4 24.Rd6 b6 25.Rbd1 Qb7 26.Qc4 bxa5 27.Qxe6+ Kh8 28.Rxd7 Rxd7
29.Rxd7 axb4 30.h3 Qxb5 31.Qf7 Qxd7 32.Qxd7 fxe5 33.Be3 h6 34.Qb7 Ra1+ 35.Kh2 Rb1
36.Qxe4 Rb2 37.Qxg6 b3 38.Bxh6 Bxh6 39.Qxh6+ Kg8 40.Qg6+ Kh8 41.Qe8+ Kh7
42.Qxe5 Rc2 43.Qe7+ Kh8 44.Qd8+ Kg7 45.Qd3  1-0

[Event "Alushta Autumn 4 2013"]
[Site "Alushta UKR"]
[Date "2013.09.12"]
[Round "3"]
[White "Yarmysty,M"]
[Black "Mikhaletz,L"]
[Result "1/2-1/2"]
[WhiteElo "2347"]
[BlackElo "2428"]

1.e4 c5 2.Nf3 d6 3.Bb5+ Nc6 4.O-O a6 5.Bxc6+ bxc6 6.d4 cxd4 7.Nxd4 e5 8.Nf3 Nf6
9.Re1 Be7 10.c4 O-O 11.Nc3 Be6 12.c5 d5 13.Nxe5 Bxc5 14.Na4  1/2-1/2

[Event "TCh-ESP CECLUB Honor 2013"]
[Site "Linares ESP"]
[Date "2013.09.13"]
[Round "6.4"]
[White "Hansen,Eric"]
[Black "Vachier Lagrave,M"]
[Result "1/2-1/2"]
[WhiteElo "2584"]
[BlackElo "2722"]

1.e4 c5 2.Nf3 d6 3.Bb5+ Bd7 4.Bxd7+ Qxd7 5.c4 Nf6 6.Nc3 g6 7.d4 cxd4 8.Nxd4 Bg7
9.f3 Nc6 10.Nde2 O-O 11.O-O e6 12.Bg5 h6 13.Bh4 Rfd8 14.f4 a6 15.a4 Qc7 16.Kh1 Qa5
17.h3 Rac8 18.b3 Qh5 19.Bf2 Qa5 20.Bh4 Qh5 21.Bf2 Qa5 22.Bh4  1/2-1/2

[Event "TCh-CRO Ia Liga 2013"]
[Site "Bol CRO"]
[Date "2013.09.14"]
[Round "1.3"]
[White "Leventic,I"]
[Black "Fercec,N"]
[Result "1/2-1/2"]
[WhiteElo "2448"]
[BlackElo "2484"]

1.e4 c5 2.Nf3 d6 3.Bb5+ Nc6 4.O-O Bd7 5.Re1 Nf6 6.c3 a6 7.Ba4 b5 8.Bc2 e5
9.a4 Rb8 10.axb5 axb5 11.h3 Be7 12.d4 Qc7 13.Be3 O-O 14.Nbd2 cxd4 15.cxd4 Nb4
16.Bb1 Ra8 17.Rxa8 Rxa8 18.Qb3 Nc6 19.Bd3 exd4 20.Nxd4 Nxd4 21.Bxd4 Qa5 22.Nf3 Qa4
23.Qxa4 bxa4  1/2-1/2

[Event "TCh-CRO Ia Liga 2013"]
[Site "Bol CRO"]
[Date "2013.09.14"]
[Round "1.2"]
[White "Stevic,H"]
[Black "Georgiev,Ki"]
[Result "0-1"]
[WhiteElo "2626"]
[BlackElo "2637"]

1.e4 c5 2.Nf3 d6 3.Bb5+ Bd7 4.Bxd7+ Qxd7 5.O-O Nf6 6.Qe2 Nc6 7.Rd1 Rc8 8.c3 e6
9.d4 cxd4 10.Bg5 Be7 11.cxd4 h6 12.Bh4 O-O 13.Nc3 d5 14.e5 Nh7 15.Bxe7 Nxe7
16.Rd3 Rc4 17.Nd2 Rb4 18.Nf1 Nf5 19.Rad1 Rc8 20.Ng3 Nxg3 21.Rxg3 Rbc4 22.h4 b5
23.Qh5 Kh8 24.Rdd3 f5 25.Ne2 Nf8 26.Nf4 Rc1+ 27.Rd1 Qe7 28.Rxc1 Rxc1+ 29.Kh2 Rc4
30.Ne2 Kh7 31.Kh3 Rc2 32.Rb3 b4 33.g3 a5 34.a3 Qd7 35.axb4 a4 36.Rc3 Rxb2
37.Rc5 Rxb4 38.Ra5 Ng6 39.Kg2 Qf7 40.Qf3 Rb3 41.Nc3 a3 42.h5 Nxe5 43.dxe5 d4
44.Qa8 Rxc3 45.Rxa3 Qxh5 46.Rxc3 dxc3 47.Qc6 Qe2 48.Qxc3 Qe4+ 49.Kg1 f4 50.gxf4 Qxf4
51.Qd3+ Qf5 52.Qd4 Kg6 53.Kg2 Qg5+ 54.Kf3 h5 55.Qd6 Qf5+ 56.Ke3 h4 57.f4 Kh5
58.Qd1+ Qg4 59.Qd8 h3 60.Qh8+ Kg6  0-1

[Event "TCh-CRO Ia Liga 2013"]
[Site "Bol CRO"]
[Date "2013.09.14"]
[Round "1.3"]
[White "Nevednichy,V"]
[Black "Cheparinov,I"]
[Result "0-1"]
[WhiteElo "2574"]
[BlackElo "2687"]

1.e4 c5 2.Nf3 d6 3.Bb5+ Nd7 4.d4 cxd4 5.Qxd4 a6 6.Bxd7+ Bxd7 7.c4 b5 8.Na3 e5
9.Qd3 Qb6 10.O-O Qb7 11.Re1 Nf6 12.Bg5 Nh5 13.Nd2 h6 14.Be3 Be7 15.cxb5 axb5
16.Nc2 Nf6 17.Nb4 O-O 18.Rac1 Rfc8 19.a3 Be6 20.f3 Nd7 21.Nb1 Nc5 22.Qe2 Bc4
23.Qf2 Na6 24.Nxa6 Rxa6 25.Nc3 Rac6 26.Red1 f5 27.Qd2 f4 28.Bf2 Kh8 29.g3 fxg3
30.hxg3 Rf8 31.Kg2 Bd8 32.Be3 Qf7 33.Qf2 Bb3 34.Rf1 Qg6 35.Rfe1 Ba5 36.Bd2 Bb6
37.Be3 Ba5 38.Bd2 Qf7 39.Nb1 Bb6 40.Be3 Rxc1 41.Rxc1 Bd8 42.Nc3 Be6 43.Rd1 Qg6
44.Rf1 h5 45.Kh2 h4 46.g4 Bc4 47.Rh1 Kg8 48.Kg2 d5 49.exd5 e4 50.Nxe4 Bxd5
51.Qc2 Re8 52.Kh3 Bxe4 53.fxe4 Rxe4 54.Qb3+ Kh8 55.Rg1 Bb6 56.Bxb6 Qxb6 57.Qd5 Re3+
58.Kh2 Qc7+ 59.Kh1 Rh3+ 60.Kg2 Qg3+ 61.Kf1 Qf4+  0-1

[Event "TCh-CRO Ia Liga 2013"]
[Site "Bol CRO"]
[Date "2013.09.14"]
[Round "2.4"]
[White "Mrdja,M"]
[Black "Cvitan,O"]
[Result "1/2-1/2"]
[WhiteElo "2370"]
[BlackElo "2560"]

1.e4 c5 2.Nf3 d6 3.Bb5+ Bd7 4.Bxd7+ Qxd7 5.O-O Nf6 6.Re1 Nc6 7.c3 e6 8.d4 cxd4
9.cxd4 d5 10.e5 Ne4 11.Nbd2 Nxd2 12.Bxd2 Be7 13.Rc1 O-O 14.Qe2 Rfc8 15.Rc3 Bd8
16.Rec1 Bb6 17.Qd3 Ne7 18.Ng5 Ng6 19.h4 Rc4 20.Rxc4 dxc4 21.Rxc4 Rd8  1/2-1/2

[Event "31st World Junior Girls"]
[Site "Kocaeli TUR"]
[Date "2013.09.14"]
[Round "2.28"]
[White "Shyngys Kyzy,A"]
[Black "Fronda,J"]
[Result "0-1"]
[WhiteElo "1780"]
[BlackElo "2038"]

1.e4 c5 2.Nf3 d6 3.Bb5+ Bd7 4.Bxd7+ Nxd7 5.c3 Ngf6 6.Qe2 g6 7.d4 Bg7 8.e5 dxe5
9.dxe5 Nd5 10.e6 fxe6 11.Qxe6 Nc7 12.Qb3 Nb6 13.Na3 Qd5 14.Nb5 Nxb5 15.Qxb5+ Nd7
16.Be3 a6 17.Qa4 b5 18.Qf4 e5 19.Qg5 Qe6 20.O-O O-O 21.Rad1 Rac8 22.Rfe1 Rf5
23.Qh4 Rh5 24.Qe4 Nf6 25.Qb7 Re8 26.Bxc5 Qxa2 27.Qc7 Qf7 28.Qxf7+ Kxf7 29.Rd6 e4
30.Bd4 exf3 31.Ra1 Rg5 32.g3 a5 33.h4 Rf5 34.Rxa5 Re1+ 35.Kh2 Ng4+ 36.Kh3 Rh1+  0-1

[Event "TCh-CRO Ia Liga 2013"]
[Site "Bol CRO"]
[Date "2013.09.15"]
[Round "2.3"]
[White "Jovanovic,Zo CRO"]
[Black "Jankovic,A"]
[Result "1/2-1/2"]
[WhiteElo "2529"]
[BlackElo "2562"]

1.e4 c5 2.Nf3 d6 3.Bb5+ Bd7 4.Bxd7+ Qxd7 5.O-O Nf6 6.Qe2 Nc6 7.Rd1 e6 8.d4 cxd4
9.Nxd4 Be7 10.c4 Rc8 11.Nc3 O-O 12.b3 Rfd8 13.Bb2 b6 14.Nxc6 Qxc6 15.Nb5 Qxe4
16.Qxe4 Nxe4 17.Nxa7 Rc7 18.Nb5 Rc6 19.Bd4 Ra8 20.f3 Nf6 21.a4 h5 22.Ra2 Nd7
23.Rad2 Rd8 24.Na7 Rc7 25.Nb5 Rc6 26.Na7 Rc7 27.Nb5  1/2-1/2

[Event "FSGM Sept 2013"]
[Site "Budapest HUN"]
[Date "2013.09.15"]
[Round "7.5"]
[White "Varga,Zo"]
[Black "Szabo,Krisz1"]
[Result "1/2-1/2"]
[WhiteElo "2444"]
[BlackElo "2561"]

1.e4 c5 2.Nf3 d6 3.Bb5+ Bd7 4.Bxd7+ Qxd7 5.O-O Nc6 6.c4 Nf6 7.Nc3 g6 8.d4 cxd4
9.Nxd4 Bg7 10.Nc2 O-O 11.Ne3 Rac8 12.Kh1 Rfd8 13.h3 h6 14.Bd2 Kh7  1/2-1/2

[Event "1st League Cent-SRB 2013"]
[Site "Kragujevac SRB"]
[Date "2013.09.15"]
[Round "2.1"]
[White "Stankovic,Milo"]
[Black "Arsovic,G"]
[Result "1-0"]
[WhiteElo "2407"]
[BlackElo "2449"]

1.e4 c5 2.Nf3 d6 3.Bb5+ Bd7 4.Bxd7+ Qxd7 5.c4 Nf6 6.Nc3 g6 7.d4 cxd4 8.Nxd4 Bg7
9.h3 Qc7 10.b3 Qa5 11.Bd2 Nc6 12.Nf3 O-O 13.O-O Rfc8 14.Qe2 Nd7 15.Nd5 Qd8
16.Rac1 e6 17.Nc3 Nde5 18.Rfd1 Qf6 19.Be3 Rd8 20.Nd4 g5 21.Ncb5 Bf8 22.Rf1 Qg6
23.Nxc6 bxc6 24.Nd4 Qxe4 25.Rcd1 c5 26.Bxg5 Qxe2 27.Nxe2 Rd7 28.Nc3 f5 29.Rfe1 Bg7
30.Na4 h6 31.Bf4 Rad8 32.Bxe5 Bxe5 33.Nxc5 dxc5 34.Rxd7 Rxd7 35.Rxe5 Rd1+
36.Kh2 Rd2 37.Rxe6 Rxa2 38.Rxh6 Rxf2 39.Rc6 f4 40.Rxc5 f3 41.Rg5+ Kh7 42.Rg3 fxg2
43.Rxg2 Rf3 44.Rg3 Rf2+ 45.Kg1 Rc2 46.Kf1 a5 47.Ke1 a4 48.bxa4 Rxc4 49.Ra3 Kg7
50.a5 Rc7 51.a6 Ra7 52.Kd2 Kf6 53.Kc3 Ke7 54.Kc4 Kd8 55.Kb5 Kc8 56.Rg3  1-0

[Event "1st League Cent-SRB 2013"]
[Site "Kragujevac SRB"]
[Date "2013.09.15"]
[Round "3.1"]
[White "Carnic,S"]
[Black "Todorovic,J"]
[Result "1/2-1/2"]
[WhiteElo "2327"]
[BlackElo "2418"]

1.e4 c5 2.Nf3 d6 3.Bb5+ Bd7 4.Bxd7+ Qxd7 5.O-O Nc6 6.d4 cxd4 7.Nxd4 Nf6 8.Re1 e6
9.c4 Be7 10.Nc3 O-O 11.b3 a6 12.Bb2 Rfd8 13.Rc1 b6 14.h3 Rab8 15.Rc2 Qb7
16.Nxc6 Qxc6 17.Rce2 Qb7 18.Re3 Ne8 19.Qe2 b5 20.cxb5 axb5 21.Rd1 b4 22.Na4 Nf6
23.Bd4 Qc6 24.Qd3 d5 25.e5 Ne4 26.Re2 Rdc8 27.Kh2 h6 28.f3 Ng5 29.Qe3 Qb5
30.Rdd2 Rc6 31.Rc2 Rbc8 32.Rxc6 Rxc6 33.h4 Nh7 34.g3 Nf8 35.Kg2 Ng6 36.Rf2 Bf8
37.h5 Ne7 38.g4 g6 39.Bc5 gxh5 40.Bxe7 Bxe7 41.gxh5  1/2-1/2

[Event "Alushta Autumn 4 2013"]
[Site "Alushta UKR"]
[Date "2013.09.17"]
[Round "12"]
[White "Yandemirov,V"]
[Black "Pavlov,Ma"]
[Result "1/2-1/2"]
[WhiteElo "2423"]
[BlackElo "2408"]

1.e4 c5 2.Nf3 d6 3.Bb5+ Bd7 4.Bxd7+ Nxd7 5.O-O Ngf6 6.Qe2 e6 7.c4 Be7 8.Nc3 O-O
9.d4 cxd4 10.Nxd4 a6 11.b3 Qc7 12.Bb2 Rfe8 13.Rac1 Rac8 14.Rfd1  1/2-1/2

[Event "52nd World Juniors 2013"]
[Site "Kocaeli TUR"]
[Date "2013.09.17"]
[Round "5.17"]
[White "De Filomeno,S"]
[Black "Javakhadze,Z"]
[Result "1/2-1/2"]
[WhiteElo "2392"]
[BlackElo "2457"]

1.e4 c5 2.Nf3 d6 3.Bb5+ Nc6 4.Bxc6+ bxc6 5.O-O e5 6.c3 Nf6 7.Re1 Be7 8.d4 cxd4
9.cxd4 exd4 10.Nxd4 Bd7 11.Nc3 O-O 12.Bg5 Re8 13.Qd2 h6 14.Bf4 Qb6 15.Rad1 Rad8
16.Qc2 Bf8 17.Re2 c5 18.Nb3 Bc6 19.h3 Qb4 20.a3 Qb6 21.Nd2 Qa6 22.Nf1 Qb7
23.f3 d5 24.exd5 Nxd5 25.Red2 Nxc3 26.Qxc3 Rxd2 27.Nxd2 Qd7 28.Be3 g6 29.Bf2 Re2
30.Qc1 Qe6 31.Re1 Bd5 32.Ne4 Rxe1+ 33.Qxe1 Bxe4 34.Qxe4 Qxe4 35.fxe4 c4 36.Bd4 Bg7
37.e5 Kf8 38.Kf2 Ke7 39.Ke3 a6 40.Bc3 Ke6 41.Ke4 h5 42.a4  1/2-1/2

[Event "TCh-CRO Ia Liga 2013"]
[Site "Bol CRO"]
[Date "2013.09.18"]
[Round "5.5"]
[White "Sax,G"]
[Black "Cheparinov,I"]
[Result "0-1"]
[WhiteElo "2436"]
[BlackElo "2687"]

1.e4 c5 2.Nf3 d6 3.Bb5+ Nd7 4.O-O a6 5.Bd3 Ngf6 6.c3 e5 7.Bc2 Be7 8.d4 O-O
9.Nbd2 b5 10.Re1 Bb7 11.Nf1 Re8 12.Bg5 h6 13.Bh4 Bf8 14.dxe5 dxe5 15.Ne3 Qc7
16.Nd2 c4 17.Qf3 Re6 18.Rad1 Rae8 19.b3 cxb3 20.Bxb3 Rb6 21.c4 Nc5 22.Bxf6 Rxf6
23.Qe2 Qb6 24.cxb5 axb5 25.Nd5 Bxd5 26.Bxd5 Na4 27.Rc1 Bb4 28.Rf1 Nc3 29.Qd3 Qd4
30.Qxd4 exd4 31.Nf3 Ne2+ 32.Kh1 Nxc1 33.Rxc1 d3 34.Kg1 Rd6 35.Kf1 d2 36.Rd1 Kf8  0-1

[Event "TCh-CRO 2a Liga 2013"]
[Site "Bol CRO"]
[Date "2013.09.18"]
[Round "5.2"]
[White "Brnas,A"]
[Black "Maras,M"]
[Result "1-0"]
[WhiteElo "2311"]
[BlackElo "2221"]

1.e4 c5 2.Nf3 d6 3.Bb5+ Bd7 4.Bxd7+ Qxd7 5.O-O Nc6 6.c4 g6 7.d4 cxd4 8.Nxd4 Bg7
9.Be3 Nf6 10.f3 O-O 11.Nc3 Rfd8 12.Nde2 h6 13.Qd2 Kh7 14.Rac1 e6 15.Rfd1 Qe7
16.Nb5 Ne8 17.Nec3 b6 18.Qf2 Rab8 19.Nd4 Nxd4 20.Bxd4 Bxd4 21.Rxd4 a6 22.a4 Rdc8
23.Qd2 Qg5 24.f4 Qc5 25.Kh1 b5 26.cxb5 axb5 27.axb5 Kg7 28.Rf1 Qh5 29.f5 Qg5
30.fxe6 fxe6 31.Qf2 Qe7 32.Ra4 Rb7 33.Ra6 Nc7 34.Rc6 Rf8 35.Qxf8+ Qxf8 36.Rxf8 Kxf8
37.b6 Ne8 38.Na4 Ke7 39.Kg1 Kd7 40.Rc4 e5 41.Kf2 Ng7 42.Ke2 Ne6 43.Kd2 Nd4
44.Kd3 Nc6 45.Rc1 Ne7 46.Kc4 Nc6 47.Kb5 Nb8 48.Nc3 Kd8 49.Rf1 Ke8 50.Nd5  1-0

[Event "TCh-CRO w Liga 2013"]
[Site "Bol CRO"]
[Date "2013.09.18"]
[Round "5.2"]
[White "Krivec,J"]
[Black "Madl,I"]
[Result "1/2-1/2"]
[WhiteElo "2237"]
[BlackElo "2340"]

1.e4 c5 2.Nf3 d6 3.Bb5+ Nd7 4.O-O a6 5.Bxd7+ Bxd7 6.d4 cxd4 7.Qxd4 Nf6 8.Bg5 h6
9.Bxf6 gxf6 10.Nc3 Rg8 11.Nd5 Rc8 12.c4 Bh3 13.Ne1 Be6 14.f4 f5 15.exf5 Bxf5
16.Rf2 Bg7  1/2-1/2

[Event "Dnipropetrovsk A 2013"]
[Site "Dnipropetrovsk UKR"]
[Date "2013.09.18"]
[Round "4.5"]
[White "Gritsayeva,O"]
[Black "Sukhareva,E"]
[Result "0-1"]
[WhiteElo "2346"]
[BlackElo "2215"]

1.e4 c5 2.Nf3 d6 3.Bb5+ Bd7 4.Bxd7+ Nxd7 5.O-O Ngf6 6.Re1 Qc7 7.b3 e6 8.c4 Be7
9.Bb2 O-O 10.d4 cxd4 11.Nxd4 a6 12.Nc3 Rfd8 13.Rc1 Rac8 14.f4 e5 15.Nf5 Bf8
16.Nd5 Nxd5 17.exd5 Qb6+ 18.Kh1 g6 19.Qg4 Qf2 20.Re2 h5 21.Rxf2 hxg4 22.Ne3 f5
23.g3 Nc5 24.Rd1 Bg7 25.fxe5 dxe5 26.Re2 e4 27.Ba3 Nd3 28.d6 Bf8 29.Nd5 Kf7
30.Rf1 Ke6 31.Rd1 Kf7 32.Rf1 Kg7 33.Nc7 Bxd6 34.Ne6+ Kg8 35.Nxd8 Rxd8 36.Bxd6 Rxd6
37.Kg1 Rd4 38.Rd1 Kf7 39.Re3 Kf6 40.Kf1 g5 41.Re2 Ke5 42.Rc2 Nb4 43.Rxd4 Kxd4
44.Rf2 Ke5 45.a3 Nd3 46.Rg2 e3 47.Ke2 Ke4 48.Rg1 Nf2 49.b4 f4 50.gxf4 gxf4
51.Rb1 f3+ 52.Ke1 Nd3+ 53.Kd1 e2+ 54.Kd2 e1=Q+  0-1

[Event "Alushta Autumn 4 2013"]
[Site "Alushta UKR"]
[Date "2013.09.19"]
[Round "14"]
[White "Yandemirov,V"]
[Black "Mikhaletz,L"]
[Result "1/2-1/2"]
[WhiteElo "2423"]
[BlackElo "2428"]

1.e4 c5 2.Nf3 d6 3.Bb5+ Nc6 4.d4 cxd4 5.Qxd4 e5 6.Qd3 Be7 7.O-O a6 8.Bxc6+ bxc6
9.Rd1 Qc7 10.c4 Bg4 11.h3 Bxf3 12.Qxf3 Nf6 13.Nc3 O-O 14.b3 Rfd8 15.Bg5 Ne8
16.Bxe7 Qxe7 17.Rd3 Nc7 18.Rad1 Ne6  1/2-1/2

[Event "TCh-CRO Ia Liga 2013"]
[Site "Bol CRO"]
[Date "2013.09.19"]
[Round "6.3"]
[White "Segovic,G"]
[Black "Bosiocic,Mari"]
[Result "1/2-1/2"]
[WhiteElo "2191"]
[BlackElo "2563"]

1.e4 c5 2.Nf3 d6 3.Bb5+ Nc6 4.c3 Bd7 5.d4 Nf6 6.Bxc6 Bxc6 7.d5 Bd7 8.e5 dxe5
9.Nxe5 g6 10.O-O Bg7 11.Nxd7 Qxd7 12.c4 b5 13.Nc3 bxc4 14.Qe2 Nxd5 15.Qxc4 Nxc3
16.bxc3 O-O 17.Be3 Rfd8 18.Rab1 Rac8 19.Rb5 Qd3 20.Qxd3 Rxd3 21.Rxc5 Rxc5
22.Bxc5 a5 23.Bxe7 Bxc3 24.Rc1 Bd4 25.Bg5 f6 26.Bf4 g5 27.Bc7 Rd2 28.Bxa5 Rxf2
29.Kh1 Rxa2 30.Bc7 g4 31.h3 gxh3 32.gxh3 Kf7 33.Re1 Kg6 34.Re4 Rd2 35.Rg4+ Kf5
36.Rh4 Kg6 37.Rg4+ Kf7 38.Rh4 Kg8 39.Rg4+ Kf7 40.Rh4 Kg6 41.Rg4+ Kf5 42.Rh4 Be5
43.Rxh7 Kf4 44.Re7 Rc2 45.Bxe5+ fxe5 46.h4 e4 47.h5 Rc5 48.Kg2 Rxh5 49.Ra7 Rg5+
50.Kf1 Kf3 51.Rf7+ Ke3 52.Ra7 Rd5 53.Ke1 Rd3 54.Rh7 Rd5 55.Rh3+ Kd4 56.Ra3 Rb5
57.Ra4+ Ke3 58.Ra3+ Kf4 59.Rc3 Rb2 60.Ra3 e3 61.Ra8  1/2-1/2

[Event "TCh-CRO Ia Liga 2013"]
[Site "Bol CRO"]
[Date "2013.09.19"]
[Round "6.2"]
[White "Zovko,Mari"]
[Black "Biliskov,V"]
[Result "1/2-1/2"]
[WhiteElo "2293"]
[BlackElo "2325"]

1.e4 c5 2.Nf3 d6 3.Bb5+ Bd7 4.Bxd7+ Nxd7 5.O-O Ngf6 6.Qe2 e6 7.c3 Be7 8.d4 cxd4
9.cxd4 d5 10.e5 Ne4 11.Ne1 Qb6 12.Be3 f6 13.f3 Ng5 14.Nd3 O-O 15.Nd2 Qa6
16.exf6 Bxf6 17.Rfe1 Nf7 18.Nf4 Qb6 19.Nb3 g6 20.Bf2 Rfe8 21.Nd3 Qd6 22.Bg3 Qb6
23.Bf2 Qd6 24.Bg3  1/2-1/2

[Event "52nd World Juniors 2013"]
[Site "Kocaeli TUR"]
[Date "2013.09.19"]
[Round "7.27"]
[White "Firat,B"]
[Black "Chu Wei Chao"]
[Result "1-0"]
[WhiteElo "2423"]
[BlackElo "2270"]

1.e4 c5 2.Nf3 d6 3.Bb5+ Bd7 4.Bxd7+ Qxd7 5.c4 Nf6 6.Nc3 g6 7.d4 cxd4 8.Nxd4 Bg7
9.f3 O-O 10.Be3 Nc6 11.O-O Rfc8 12.b3 Qd8 13.Qd2 Qa5 14.Rfd1 a6 15.a4 e6
16.Nde2 Ne8 17.Rab1 Rab8 18.Qe1 h6 19.h3 Kh7 20.Kh1 Qb4 21.Bd2 Qc5 22.Nf4 Nd4
23.Rdc1 Qc7 24.Be3 Qe7 25.a5 Nc6 26.Na4 Nf6 27.Qd2 g5 28.Ne2 Nh5 29.b4 Ne5
30.Ba7 Ra8 31.Nb6 Rd8 32.Nxa8 Rxa8 33.Bd4  1-0

[Event "Baku Open 2013"]
[Site "Baku AZE"]
[Date "2013.09.21"]
[Round "3.4"]
[White "Alekseev,Evgeny"]
[Black "Krush,I"]
[Result "1-0"]
[WhiteElo "2710"]
[BlackElo "2492"]

1.e4 c5 2.Nf3 d6 3.Bb5+ Nd7 4.d4 Nf6 5.O-O Nxe4 6.Re1 Nf6 7.dxc5 dxc5 8.Ng5 e6
9.Nc3 Be7 10.Qe2 a6 11.Nxf7 Kxf7 12.Qxe6+ Kf8 13.Bc4 Qe8 14.Bf4 Nb8 15.Qd6 Nc6
16.Rxe7 Qxe7 17.Re1 Ne8 18.Qd1 Qf6 19.Nd5 Qg6 20.Nc7 Bg4 21.Qd5 Rd8 22.Qxc5+ Nd6
23.Bxd6+ Rxd6 24.Qxd6+ Qxd6 25.Re8+  1-0

[Event "TCh-FIN SM 2013-14"]
[Site "Jyvaskyla FIN"]
[Date "2013.09.21"]
[Round "1.6"]
[White "Alho,S"]
[Black "Hynninen,J"]
[Result "1/2-1/2"]
[WhiteElo "2131"]
[BlackElo "2205"]

1.e4 c5 2.Nf3 d6 3.Bb5+ Bd7 4.Bxd7+ Qxd7 5.c4 g6 6.O-O Nc6 7.d4 cxd4 8.Nxd4 Nf6
9.f3 Nxd4 10.Qxd4 Bg7 11.Nc3 O-O 12.Rd1 Qc7 13.Qd3 Rfc8 14.b3 a6 15.Bb2 Rab8
16.Kh1 b5 17.cxb5 axb5 18.Rac1 Qa5 19.Qd2 b4 20.Na4 Qb5 21.Bd4 Nd7 22.Bxg7 Kxg7
23.Nb2 Rxc1 24.Rxc1 Rc8 25.Rd1 Ne5 26.h3 Ra8 27.Na4 Nd7 28.Qd4+ f6 29.Rc1 Qb7
30.Rc4 Rb8 31.f4 Nf8 32.Nb2 Ne6 33.Qd2 g5 34.Nd3 gxf4 35.Rxb4 Qa8 36.Rxb8 Qxb8
37.Nxf4 Ng5 38.Qc2 Qb4 39.Nh5+ Kf7 40.Ng3 Qa3 41.h4 Ne6 42.e5 dxe5 43.Qxh7+ Ke8
44.Qg6+ Kf8 45.Qh6+ Ke8 46.Nf5 Qxa2 47.Qh7 Qa3 48.Kh2 Qb4 49.g3 Qd2+ 50.Kh3 Nf4+
51.gxf4 Qd3+ 52.Kg2 Qe2+ 53.Kg3 Qd3+ 54.Kh2 Qe2+ 55.Kh3 Qd3+  1/2-1/2

[Event "52nd World Juniors 2013"]
[Site "Kocaeli TUR"]
[Date "2013.09.21"]
[Round "8.42"]
[White "Karabayir,M"]
[Black "Chu Wei Chao"]
[Result "1/2-1/2"]
[WhiteElo "1926"]
[BlackElo "2270"]

1.e4 c5 2.Nf3 d6 3.Bb5+ Nc6 4.d4 cxd4 5.Qxd4 Bd7 6.Bxc6 Bxc6 7.Nc3 Nf6 8.Bg5 e6
9.O-O-O Be7 10.Qd3 Qa5 11.h4 h6 12.Bxf6 Bxf6 13.Nd4 O-O 14.f4 Rfd8 15.g4 Bxd4
16.Qxd4 e5 17.Qd2 exf4 18.Qxf4 Qe5 19.Rhf1 Qxf4+ 20.Rxf4 Rd7 21.Rd4 Re8 22.Kd2 Re6
23.Kd3 Rde7 24.Nd5 Bxd5 25.Rxd5 f6 26.Rd4 Rc7 27.Rf5 Kf7 28.Rfd5 Ke7 29.c4 Rc6
30.b3 Re5 31.a4  1/2-1/2

[Event "52nd World Juniors 2013"]
[Site "Kocaeli TUR"]
[Date "2013.09.21"]
[Round "8.17"]
[White "Dragomirescu,R"]
[Black "Nagy,Ga1"]
[Result "1-0"]
[WhiteElo "2349"]
[BlackElo "2457"]

1.e4 c5 2.Nf3 d6 3.Bb5+ Nc6 4.Bxc6+ bxc6 5.O-O g6 6.d4 cxd4 7.Qxd4 e5 8.Qd3 Be7
9.c4 f5 10.Nc3 Nf6 11.c5 d5 12.Nxe5 fxe4 13.Qd4 Bb7 14.f3 Qc7 15.fxe4 O-O-O
16.exd5 Nxd5 17.Nf7 Rhf8 18.Nxd8 Rxf1+ 19.Kxf1 Qxd8 20.Nxd5 Qf8+ 21.Bf4 Ba6+
22.Ke1 Bxc5 23.Qe5 Bb4+ 24.Kd1 Ba5 25.Qb8+  1-0

[Event "TCh-NED Meesterklasse 2013-14"]
[Site "Netherland NED"]
[Date "2013.09.21"]
[Round "1.10"]
[White "Klip,H"]
[Black "Dirksen,M"]
[Result "1-0"]
[WhiteElo "2335"]
[BlackElo "2014"]

1.e4 c5 2.Nf3 d6 3.Bb5+ Bd7 4.Bxd7+ Qxd7 5.O-O Nc6 6.c3 d5 7.exd5 Qxd5 8.d4 e6
9.Be3 cxd4 10.cxd4 Nf6 11.Nc3 Qa5 12.Ne5 Be7 13.a3 O-O 14.b4 Qd8 15.Qf3 Nd5
16.Nxd5 Qxd5 17.Qxd5 exd5 18.Rfc1 Rfc8 19.g4 Bd6 20.Nxc6 bxc6 21.Rab1 a6
22.Rb3 Rab8 23.Rbc3 Rb6 24.Kg2 Kf8 25.Bg5 f6 26.Bh4 a5 27.bxa5 Ra6 28.Bg3 Be7
29.Re1 Rxa5 30.Rce3 Ra7 31.Rxe7 Rxe7 32.Bd6 Re8 33.Kf3 Kf7 34.Rxe7+ Rxe7
35.Bxe7 Kxe7 36.Ke3 Kd6 37.Kd3 c5 38.dxc5+ Kxc5 39.f4 Kb5 40.Kd4 Ka4 41.Kxd5 Kxa3
42.Ke6 Kb4 43.Kf7  1-0

[Event "ch-CYP 2013"]
[Site "Nikosia/Larnaca/Limassol CYP"]
[Date "2013.09.21"]
[Round "5"]
[White "Antoniou,A"]
[Black "Kelires,Andreas"]
[Result "1/2-1/2"]
[WhiteElo "2206"]
[BlackElo "2189"]

1.e4 c5 2.Nf3 d6 3.Bb5+ Nd7 4.O-O a6 5.Bd3 Ngf6 6.c3 e5 7.Bc2 Be7 8.a4 b6
9.d4 Bb7 10.Qe2 O-O 11.Rd1 Qc7 12.d5 b5 13.Na3 bxa4 14.Nc4 a5 15.Rxa4 Ba6
16.Bd3 Bxc4 17.Bxc4 Nb6 18.Ra2 Nxc4 19.Qxc4 Nd7 20.Be3 Nb6 21.Qd3 Qb7 22.Nd2 Rfb8
23.Rda1 a4 24.f3 f5 25.Nf1 h6  1/2-1/2

[Event "63rd TCh-BUL GpA 2013"]
[Site "Sunny Beach BUL"]
[Date "2013.09.21"]
[Round "3.3"]
[White "Petrov,Marij"]
[Black "Petkov,V"]
[Result "1-0"]
[WhiteElo "2472"]
[BlackElo "2564"]

1.e4 c5 2.Nf3 d6 3.Bb5+ Nd7 4.d4 cxd4 5.Qxd4 e5 6.Qd3 a6 7.Bxd7+ Bxd7 8.Nc3 h6
9.Nd2 Be6 10.Nc4 Rc8 11.Ne3 Nf6 12.O-O Qb6 13.b3 Qd4 14.Bb2 Qxd3 15.cxd3 Be7
16.Rac1 Bd8 17.Ba3 Kd7 18.Rfd1 Bb6 19.Nc4 Bxc4 20.dxc4 Bd4 21.Ne2 Bc5 22.Bxc5 Rxc5
23.Nc3 b5 24.cxb5 Rhc8 25.Ne2 axb5 26.f3 Rc2 27.Kf1 b4 28.Rxc2 Rxc2 29.Nc1 Ke6
30.Nd3 Rxa2 31.Nxb4 Rb2 32.Nc6 Rc2 33.Nd8+ Ke7 34.Nb7 Rc6 35.Na5 Ra6 36.Nc4 Ke6
37.b4 d5 38.b5 Ra2 39.exd5+ Nxd5 40.b6 Ra8 41.b7 Rb8 42.Rb1 f6 43.Na5 Kd6
44.Rc1 Kd7 45.Rd1 Kd6 46.Rc1 Kd7 47.g3 Ne3+ 48.Ke2 Nf5 49.Kd3 Nd6 50.Rb1 Kc7
51.Rc1+ Kb6 52.Nc4+ Nxc4 53.Kxc4 Rxb7 54.Kd5 Rd7+ 55.Ke4 g6 56.Rc8 Rd2 57.Rf8 Rd6
58.Rg8 Rd4+ 59.Ke3 g5 60.Rg6 Rd6 61.Ke4 Kc5 62.Kf5 Kd4 63.Rxh6 g4 64.fxg4 e4
65.Rh8 e3 66.Re8 Rd5+ 67.Kxf6 Kd3 68.g5 e2 69.g6 Rd6+ 70.Kf7 Rd7+ 71.Kf8 Rd5
72.g7 Rf5+ 73.Kg8 Rf2 74.h4 Rf3 75.Kh8  1-0

[Event "e2e4 Bedford Open 2013"]
[Site "Bedford ENG"]
[Date "2013.09.22"]
[Round "4"]
[White "Maroroa,S"]
[Black "Fernandez,Michael"]
[Result "1-0"]
[WhiteElo "2099"]
[BlackElo "1942"]

1.e4 c5 2.Nf3 d6 3.Bb5+ Bd7 4.Bxd7+ Qxd7 5.O-O Nc6 6.c3 Nf6 7.Re1 Ne5 8.d4 Nxf3+
9.Qxf3 e6 10.Qg3 Rc8 11.Bg5 Be7 12.Bxf6 gxf6 13.Qg7 Rf8 14.Qxh7 cxd4 15.cxd4 Qa4
16.Nc3 Qxd4 17.Rad1 Qe5 18.Qh3 b5 19.Qd3 Rb8 20.a4 a6 21.axb5 axb5 22.b4 Kd7
23.Ra1 Rfc8 24.Nd5 exd5 25.exd5 Ra8 26.Rad1 Qc3 27.Qe2 Re8 28.Qxb5+ Kd8 29.Rc1 Qd4
30.Qb7 Qa7 31.Rc8+  1-0

[Event "Werder Bremen GM 2013"]
[Site "Bremen GER"]
[Date "2013.09.22"]
[Round "2.2"]
[White "Joachim,S"]
[Black "Burg,T"]
[Result "0-1"]
[WhiteElo "2422"]
[BlackElo "2490"]

1.e4 c5 2.Nf3 d6 3.Bb5+ Nd7 4.O-O a6 5.Bxd7+ Bxd7 6.d4 cxd4 7.Qxd4 Rc8 8.c4 e5
9.Qd3 b5 10.Na3 Qb6 11.Be3 Qb7 12.c5 dxc5 13.Nxe5 Be6 14.f4 f6 15.f5 Bxa2
16.Rxa2 fxe5 17.Nc4 bxc4 18.Qxc4 Rc6 19.Rfa1 Nf6 20.Rxa6 Rxa6 21.Rxa6 Qxe4
22.Qe6+ Be7 23.Kh1 Qd5 24.Bxc5 Qxe6 25.Rxe6 Ng8 26.Bd6 Kf7 27.Bxe5 Nf6 28.h3 h5
29.g3 g6 30.Rc6 gxf5 31.b4 Rd8 32.b5 Rd5 33.Bxf6 Bxf6 34.b6 Rb5 35.Rc7+ Kg6
36.b7 Be5  0-1